000
00290nam a22001217a 4500
020
_a
981-3091-38-X
082
_a
004.56 BER'M
100
_a
DEVONEY, CHRIS, BERLINER, DON
_9
66249
245
_a
MANAGING YOUR HARDISK
260
_a
SINGAPORE
_b
QUE
_c
1986
300
_a
XXII, 558P
942
_c
BK
999
_c
574237
_d
574237